Statistics for Oldest Cities In The U.S.

Click here to take the quiz!

General Stats

  • This quiz has been taken 46 times
  • The average score is 3 of 10

Answer Stats

Year FoundedCity% Correct
1565Saint Augustine
72%
1607Jamestown
62%
1607Santa Fe
59%
1620Plymouth
44%
1614Albany
23%
1610Hampton
8%
1617Jersey City
5%
1613Newport News
5%
1610Kecoughtan
0%
1622Weymouth
0%

Score Distribution

Percentile by Number Answered

Percent of People with Each Score

Your Score History

You have not taken this quiz